Fr. Conceicao Rodrigues College of Engineering

COMMUNICATION SKILLA FOR ENGINEERS (Record no. 28025)

MARC details
000 -LEADER
fixed length control field 00312nam a2200133Ia 4500
082 ## - DEWEY DECIMAL CLASSIFICATION NUMBER
Classification number 372.6/MUR
100 ## - MAIN ENTRY--PERSONAL NAME
Personal name Muralikrishna/C
245 ## - TITLE STATEMENT
Title COMMUNICATION SKILLA FOR ENGINEERS
260 ## - PUBLICATION, DISTRIBUTION, ETC.
Name of publisher, distributor, etc. Tata McGrawhill
Place of publication, distribution, etc. Chennai
Date of publication, distribution, etc. 2011
300 ## - PHYSICAL DESCRIPTION
Extent 276
546 ## - LANGUAGE NOTE
Language note ENGLISH
650 ## - SUBJECT ADDED ENTRY--TOPICAL TERM
Topical term or geographic name entry element Communication skills
942 ## - ADDED ENTRY ELEMENTS (KOHA)
Koha item type BOOK
Holdings
Withdrawn status Lost status Damaged status Not for loan Collection Home library Current library Date acquired Total Checkouts Full call number Barcode Date last seen Price effective from Koha item type
        AFT Fr. Agnel's C.Rodrigues College of Engineering Fr. Agnel's C.Rodrigues College of Engineering 17/03/2023   372.6/MUR AFT8169 17/03/2023   BOOK